Statistics for Indiana Jones

Click here to take the quiz!

General Stats

  • This quiz has been taken 5,282 times
  • The average score is 13 of 20

Answer Stats

Question Answer % Correct
Who starred as Indiana Jones?Harrison Ford
99%
Besides a gun, what weapon does Indy often carry?Whip
93%
Who directed the movies?Steven Spielberg
92%
Indiana Jones has ophiophobia, which means he is afraid of ...Snakes
91%
Who stars as Indy's father?Sean Connery
82%
What is the ark in "Raiders of the Lost Ark"?The Ark of the {Covenant}
81%
What is the name of the third and final movie?Indiana Jones and the
{Last} {Crusade}
76%
In what country does most of "Temple of Doom" take place?India
76%
What style of hat does Indy wear?Fedora
72%
Who co-wrote the scripts and was also executive producer?George Lucas
72%
What artifact is Indy searching for in that movie?Holy Grail
68%
What composer wrote the soundtrack to the movies?John Williams
65%
In that movie, Indy and his father fly from Berlin to Athens.
What type of vehicle do they fly in?
Zeppelin
62%
Who is Indy's sidekick in "Temple of Doom"Short Round
47%
What is Indy's real first name?Henry
44%
Where is the ark located?Well of {Souls}
41%
In what country does "Raiders of the Lost Ark" begin?Peru
41%
In what city does "Temple of Doom" start?Shanghai
41%
What fellow archaeologist is director of the National Museum?Dr. Marcus Brody
26%
Who will supposedly be studying the ark, now that it is safe?{Top} Men
23%

Score Distribution

Percentile by Number Answered

Percent of People with Each Score

Your Score History

You have not taken this quiz